Лабораторный практикум по экономике, организации и планированию машиностроительного производства: учебное пособие

Podrobná bibliografie
Další autoři: Фонталин Н. Н. Николай Николаевич (редактор)
Jazyk:ruština
Vydáno: Минск, Вышэйшая школа, 1985
Témata:
Médium: MixedMaterials Kniha
KOHA link:https://koha.lib.tpu.ru/cgi-bin/koha/opac-detail.pl?biblionumber=285423

MARC

LEADER 00000nam0a2200000 4500
001 285423
005 20231101235807.0
020 |a RU  |b 85-17671 
035 |a (RuTPU)RU\TPU\book\309663 
090 |a 285423 
100 |a 20150225d1985 m y0rusy5003 ca 
101 0 |a rus 
102 |a BY 
105 |a y z 001zy 
200 1 |a Лабораторный практикум по экономике, организации и планированию машиностроительного производства  |e учебное пособие  |f под ред. Н. Н. Фонталина 
210 |a Минск  |c Вышэйшая школа  |d 1985 
215 |a 96 с.  |c ил. 
320 |a Библиогр.: с. 93-94 
606 1 |a Машиностроительные заводы  |x Экономика  |2 stltpush  |3 (RuTPU)RU\TPU\subj\41633  |9 61421 
610 1 |a производственные связи 
610 1 |a продукция 
610 1 |a себестоимость 
610 1 |a организация 
610 1 |a планирование 
610 1 |a управление 
610 1 |a учебные пособия 
675 |a 621.002:658(075.8)  |z rus 
702 1 |a Фонталин  |b Н. Н.  |g Николай Николаевич  |4 340 
801 0 |a RU  |b RuMRKP  |c 19950704  |g psbo 
801 1 |a RU  |b 63413507  |c 20150225 
801 2 |a RU  |b 63413507  |c 20170215  |g RCR 
942 |c BK